Statistics for Countries Closest to Aruba - 15 Second Sprint

Click here to take the quiz!

General Stats

  • This quiz has been taken 17 times
  • The average score is 6 of 20

Answer Stats

kmcountrymiles% Correct
27Venezuela17
63%
125Colombia78
50%
943Cuba586
50%
905Trinidad and Tobago562
50%
879Grenada546
44%
1166Guyana725
44%
883Jamaica548
38%
1064Brazil661
31%
77Curaçao48
31%
931St Kitts and Nevis578
31%
965St Lucia600
31%
998Antigua and Barbuda620
25%
969Dominica602
25%
629Haiti390
25%
907Panama563
25%
1114Barbados692
19%
913St Vincent and the Grenadines568
19%
574Dominican Republic357
13%
986Bahamas613
6%
954Sint Maarten593
6%

Score Distribution

Percentile by Number Answered

Percent of People with Each Score

Your Score History

You have not taken this quiz